000 00391cam a2200169ua 4500
020 _c7.50
041 _aeng
_h
082 _a540.0162
_bTHO/TE
100 _aThomas, A O .
245 _aText book of modern engineering chemistry /
_cA O Thomas.
_hTextual Documents
250 _a1 /
_b.
300 _a325 ; .
365 _a7.50
504 _a
942 _cBK
999 _c3222
_d3222